Countries By GDP (2017) - Statistics

General Stats
  • This quiz has been taken 8 times
  • The average score is 17 of 20
Answer Stats
Hint Answer % Correct
$12.238 trillion China
100%
$4.872 trillion Japan
100%
$1.531 trillion South Korea
100%
$2.638 trillion United Kingdom
100%
$1.323 trillion Australia
88%
$1.647 trillion Canada
88%
$2.583 trillion France
88%
$3.693 trillion Germany
88%
$2.651 trillion India
88%
$1.944 trillion Italy
88%
$831 billion Netherlands
88%
$1.578 trillion Russia
88%
$679 billion Switzerland
88%
$19.485 trillion United States Of America
88%
$2.054 trillion Brazil
75%
$1.151 trillion Mexico
75%
$687 billion Saudi Arabia
75%
$1.314 trillion Spain
75%
$852 billion Turkey
75%
$1.015 trillion Indonesia
63%
No matching quizzes found
Score Distribution
Percent of People with Each Score
Percentile by Number Answered
Your Score History
You have not taken this quiz